00737nam a2200241 a 4500001001300000003000900013005001700022008004100039020002300080082001500103100001500118245006900133260004400202300000900246500003500255505001000290650003200300700001500332902000800347942000700355952011600362999001700478nice12345678IN_TiNIC20260116014645.0080331s2006 lona grp 000 0 eng  a0195681134 c59500a306.6bMAD aMadan, T N aImages of the Worldb Essay on Religion, Secularism, and Culture aLondan bOxford University Press c2006 a398p aincludes index and biblioraphy2 aIndex aReligion and Society-Essays1 aMadan, T N bSRS cBK 001040708StackRoom-aHMIbHMId2008-03-31g595.00l0o306.6 MADp022313r2008-03-31v595.00w2008-03-31yBK c16388d16388